Variations in organization science in honor of Donald T. Campbell /

Bibliographic Details
Corporate Author: ProQuest (Firm)
Other Authors: Campbell, Donald T. 1916-1996., Baum, Joel A. C., McKelvey, Bill.
Format: Electronic eBook
Language:English
Published: Thousand Oaks, Calif. : Sage Publications, c1999.
Subjects:
Online Access:Click to View
LEADER 01528nam a2200421Ia 4500
001 EBC996990
003 MiAaPQ
005 20200520144314.0
006 m o d |
007 cr cn|||||||||
008 981202s1999 caua sb 101 0 eng d
010 |z  98058085  
020 |z 0761911251 
020 |z 076191126X (pbk.) 
020 |z 9780761911265 
020 |z 9781452221687 
035 |a (MiAaPQ)EBC996990 
035 |a (Au-PeEL)EBL996990 
035 |a (CaPaEBR)ebr10586613 
035 |a (CaONFJC)MIL672614 
035 |a (OCoLC)809773728 
040 |a MiAaPQ  |c MiAaPQ  |d MiAaPQ 
050 4 |a HD58.7  |b .V37 1999 
082 0 4 |a 302.3/5  |2 21 
245 0 0 |a Variations in organization science  |h [electronic resource] :  |b in honor of Donald T. Campbell /  |c Joel A.C. Baum and Bill McKelvey, editors. 
260 |a Thousand Oaks, Calif. :  |b Sage Publications,  |c c1999. 
300 |a xii, 452 p. :  |b ill. 
504 |a Includes bibliographical references and index. 
533 |a Electronic reproduction. Ann Arbor, MI : ProQuest, 2015. Available via World Wide Web. Access may be limited to ProQuest affiliated libraries. 
650 0 |a Organization. 
650 0 |a Organizational behavior. 
650 0 |a Organizational sociology. 
655 4 |a Electronic books. 
700 1 |a Campbell, Donald T.  |q (Donald Thomas),  |d 1916-1996. 
700 1 |a Baum, Joel A. C. 
700 1 |a McKelvey, Bill. 
710 2 |a ProQuest (Firm) 
856 4 0 |u https://ebookcentral.proquest.com/lib/matrademy/detail.action?docID=996990  |z Click to View